000 00318nam a2200109Ia 4500
008 230907s9999||||xx |||||||||||||| ||und||
082 _a660.28
_bPRO
245 0 _aProcess intensification for sustainable energy conversion /
260 _aJohn wiley;
_bchichester, west sussex:
_c2015
300 _apages cm
942 _cBK
999 _c597256
_d597256